University Home | Library Home | Institutional Repository

Planning and designing a burn care facility: for better patient care, better research, better teaching, (Record no. 54238)

MARC details
000 -LEADER
fixed length control field 00857cam5a220022900 4500
001 - CONTROL NUMBER
control field lce00910632
008 - FIXED-LENGTH DATA ELEMENTS--GENERAL INFORMATION
fixed length control field 731207s1971 miua 001 0 eng
010 ## - LIBRARY OF CONGRESS CONTROL NUMBER
LC control number 73169192
035 ## - SYSTEM CONTROL NUMBER
System control number (Sirsi) r66738
035 ## - SYSTEM CONTROL NUMBER
System control number (DLC) 73169192
035 ## - SYSTEM CONTROL NUMBER
System control number (UPRA)lce00910632
050 0# - LIBRARY OF CONGRESS CALL NUMBER
Classification number RD96.4
Item number .F44
082 ## - DEWEY DECIMAL CLASSIFICATION NUMBER
Classification number 362.1/9/711
100 1# - MAIN ENTRY--PERSONAL NAME
Personal name Feller, Irving, 1925-
Dates associated with a name Feller, Irving, 1925-
Linkage A27261.1
245 10 - TITLE STATEMENT
Title Planning and designing a burn care facility: for better patient care, better research, better teaching,
Statement of responsibility, etc. by Irving Feller [and] Keith Crane.
260 ## - PUBLICATION, DISTRIBUTION, ETC.
Place of publication, distribution, etc. [Ann Arbor, Mich.]
Name of publisher, distributor, etc. Institute for Burn Medicine
Date of publication, distribution, etc. [c1971]
504 ## - BIBLIOGRAPHY, ETC. NOTE
Bibliography, etc. note Includes bibliographical references.
650 #0 - SUBJECT ADDED ENTRY--TOPICAL TERM
Topical term or geographic name entry element Burn care units.
Linkage S19726.1
700 1# - ADDED ENTRY--PERSONAL NAME
Personal name Crane, Keith, 1953-
Dates associated with a name Crane, Keith, 1953-
Linkage A27262.1
949 ## - LOCAL PROCESSING INFORMATION (OCLC)
a RD96.4
w LC
i -89310
m MEDICAL
t BOOK
l ON-SHELF

No items available.

© 2026 - The University of Zambia Library - Koha v25.11